000 00804nam a22002177a 4500
005 20121008123932.0
008 121008t xxu||||| |||| 00| 0 eng d
010 _aENG-106039
020 _a978812472419
_c695.00
035 _aEN-89572
037 _bDBAD / PUB
040 _adpl
_bEnglish
082 _a394.2068
100 _aMehndiratta, Vaibhav
_952944
245 _aCareer in event management /
_cby Vaibhav Mehndiratta
260 _aMohali
_bOut Line Publisher
_c2012
270 _aS.C.O. 1, Dasmesh Nagar, Opp. Dhilon Farm, Nayagaon, SAS Nagar
_bMohali
300 _a259p.
_c22cm(Hb)
942 _2ddc
_cEN
_mMEH
_h394.2068
999 _c70651
_d70651